Ảnh hưởng của các mức độ protein thô và năng lượng lên khả năng tăng trọng và tỉ lệ tiêu hóa dưỡng chất của gà ác = (Effect of crude protein and energy levels on growth performance and nutrient digestibility of Ac chicken ): Chuyên ngành : Chăn nuôi
Đề tài xác định mức độ protein và năng lượng thích hợp cho nhu cầu, lượng thức ăn tiêu thụ khả năng tăng trọng, chất lượng thân thịt, hệ số chuyển hóa thức ăn, hiệu quả kinh tế và xác định được mức tiêu hóa dưỡng chất ở các khẩ...
Αποθηκεύτηκε σε:
| Κύριος συγγραφέας: | |
|---|---|
| Μορφή: | Βιβλίο |
| Γλώσσα: | Undetermined |
| Έκδοση: |
Cần Thơ
Trường Đại học Cần Thơ
2009
|
| Θέματα: | |
| Ετικέτες: |
Προσθήκη ετικέτας
Δεν υπάρχουν, Καταχωρήστε ετικέτα πρώτοι!
|
| Thư viện lưu trữ: | Trung tâm Học liệu Trường Đại học Cần Thơ |
|---|
| LEADER | 01480nam a2200229Ia 4500 | ||
|---|---|---|---|
| 001 | CTU_154424 | ||
| 008 | 210402s9999 xx 000 0 und d | ||
| 082 | |a 636.50852 | ||
| 082 | |b L462 | ||
| 088 | |a 60620105 | ||
| 100 | |a Nguyễn, Hữu Lợi | ||
| 245 | 0 | |a Ảnh hưởng của các mức độ protein thô và năng lượng lên khả năng tăng trọng và tỉ lệ tiêu hóa dưỡng chất của gà ác = | |
| 245 | 0 | |b (Effect of crude protein and energy levels on growth performance and nutrient digestibility of Ac chicken ): Chuyên ngành : Chăn nuôi | |
| 245 | 0 | |c Nguyễn Hữu Lợi; Nguyễn Thị Kim Đông (Hướng dẫn khoa học) | |
| 260 | |a Cần Thơ | ||
| 260 | |b Trường Đại học Cần Thơ | ||
| 260 | |c 2009 | ||
| 520 | |a Đề tài xác định mức độ protein và năng lượng thích hợp cho nhu cầu, lượng thức ăn tiêu thụ khả năng tăng trọng, chất lượng thân thịt, hệ số chuyển hóa thức ăn, hiệu quả kinh tế và xác định được mức tiêu hóa dưỡng chất ở các khẩu phần khác nhau đối với giống gà này. | ||
| 650 | |a Animal nutrition,Poultry,Dinh dưỡng động vật | ||
| 650 | |x Chicks,Feeding and feeds,Gà con | ||
| 904 | |i Năm | ||
| 980 | |a Trung tâm Học liệu Trường Đại học Cần Thơ | ||